00670nam a2200157Ia 4500008004100000100002300041245007900064245012800143260005300271260000900324300001100333650001500344856006100359999001900420952007300439170221s9999 xx 000 0 und d aInna L. Litvinenko 4aThe Economic Space in the Region: The Theoretical Approaches to the Study  cInna L. Litvinenko, Anastasiya S. Kaminskaya, Victoria V. Prokhorova, Elena O. Belova, Fedor V. Shutilov, Elena B. Sheludko bInternational Review of Management and Marketing c2016 a6 : 1S xMarketing. uhttp://www.econjournals.com/index.php/irmm/issue/view/70 c308520d308520 001040aCLbCLd2017-02-21l0r2017-02-21 00:00:00w2017-02-21yFOJ